| 000 | 00000nam##2200000za#4500 |
| 001 | 9.572925 |
| 003 | CaOODSP |
| 005 | 20210624183444 |
| 007 | cr ||||||||||| |
| 008 | 150406|2002||||xxc|||||o f|0| 0 eng|d |
| 040 | |aCaOODSP|beng |
| 043 | |an-cn--- |
| 086 | 1 |aH13-6/2002-1E-PDF |
| 110 | 1 |aCanada. |bHealth Canada. |
| 245 | 10|aPharmaceutical issues / |h[electronic resource]|c[by] Wendy Kennedy, Robert Goyer. |
| 246 | 1 |iAt head of title : |aThe Health Transition Fund |
| 260 | |aOttawa - Ontario : |bHealth Canada |cc2002. |
| 300 | |a38p.|bgraph, references |
| 490 | 1 |aSynthesis series |
| 500 | |a"Sharing the learning, The Health Transition Fund"--p.1 of 38. The catalogue number (H13-6/2002-1) and ISBN (0-662-66304-7) for the bilingual print edition have been incorrectly copied in this electronic publication. |
| 590 | |a12-08-Supp|b2012-03-16 |
| 690 | 07|aPharmaceutical industry|2gcpds |
| 720 | 1 |aKennedy, Wendy |
| 720 | 1 |aGoyer, Robert |
| 775 | 08|tLes questions pharmaceutiques / |w(CaOODSP)9.603171 |
| 776 | 0#|tPharmaceutical issues / |w(CaOODSP)9.536362 |
| 776 | 0#|tLes questions pharmaceutiques / |w(CaOODSP)9.536363 |
| 830 | #0|aSynthesis series.|w(CaOODSP)9.506811 |
| 856 | 40|ahttp://publications.gc.ca|qPDF|s455 KB|uhttps://publications.gc.ca/collections/Collection/H13-6-2002-1E.pdf |